Central Library OPAC University of Rajshahi

Our social heritage / (Record no. 57807)

MARC details
000 -LEADER
fixed length control field 00826nam a2200253 a 4500
001 - CONTROL NUMBER
control field 57807
003 - CONTROL NUMBER IDENTIFIER
rucl marc code BD-RjUL
005 - DATE AND TIME OF LATEST TRANSACTION
control field 20211209080544.0
008 - FIXED-LENGTH DATA ELEMENTS--GENERAL INFORMATION
fixed length control field 161212s1921 ctu 000 0 eng
035 ## - SYSTEM CONTROL NUMBER
System control number (BD-RjUL) 57931
040 ## - CATALOGING SOURCE
Original cataloging agency DLC
Transcribing agency OTU
Modifying agency OCoLC
-- BD-RjUL
Language of cataloging eng
041 ## - LANGUAGE CODE
Language code of text/sound track or separate title eng
082 ## - DEWEY DECIMAL CLASSIFICATION NUMBER
Edition number 23
Classification number 301
Author mark and year WAO 1921
100 1# - MAIN ENTRY--PERSONAL NAME
Personal name Wallas, Graham,
Dates associated with a name 1858-1932.
9 (RLIN) 171668
245 10 - TITLE STATEMENT
Title Our social heritage /
Statement of responsibility, etc. by Graham Wallas ...
260 ## - PUBLICATION, DISTRIBUTION, ETC. (IMPRINT)
Place of publication, distribution, etc. New Haven :
Name of publisher, distributor, etc. Yale University Press,
Date of publication, distribution, etc. 1921.
300 ## - PHYSICAL DESCRIPTION
Pagination 307p. ;
Size 21 cm.
500 ## - GENERAL NOTE
General note "The material of part of this book was given in 1919 as a course of Dodge lectures on the Duties of citizenship in Yale University."
650 #0 - SUBJECT ADDED ENTRY--TOPICAL TERM
Topical term or geographic name as entry element Sociology.
9 (RLIN) 170250
Topical term or geographic name as entry element Social psychology.
9 (RLIN) 170365
Topical term or geographic name as entry element Cooperation.
9 (RLIN) 171669
942 ## - ADDED ENTRY ELEMENTS (KOHA)
Source of classification or shelving scheme Dewey Decimal Classification
Koha item type Books
Holdings
Lost status Source of classification or shelving scheme Damaged status Not for loan Collection code Permanent Location Current Location Shelving location Date acquired Total Checkouts Full call number Date last seen Copy number Koha item type
  Dewey Decimal Classification   Not For Loan Non-fiction Central Library, University of Rajshahi Central Library, University of Rajshahi Reading Room 01/04/1974   301 WAO 1921 12/12/2016 C-1 Books